01687nam a22003497a 4500003000400000005001700004008004100021040002200062082001400084100003600098245004800134260005300182300001900235366000800254366000800262490002300270505021300293505011500506505023400621505002200855505002000877505003000897650004100927650005000968650004401018650004801062650004301110650004401153650004801197650004701245650004501292OSt20230421085030.0221006b |||||||| |||| 00| 0 eng d cBiblioteca Lado V a700bZ39a aZaya, Antonioeeditoredirector aAtalantica/bRevista de Arte y Pensamiento/ bCentro Atlantico de Arte Modernoc1993aEspaña c24x30cma140p. efre eeng v1993x1132-8428a5 tTerritoriosaApartheid global? Enigmas de la encrucijada Razones y sin razones de por que hago lo que hago Una entrevista con Fariba Hajamadi 12 poemas de Manolo Padorno Proyecto de Abdell para Atlantica tNexusaUna mirada sobre MILLARES El realismo materico de MILLARES Portafolio fotográfico de Rosangela Reno tRevistaaSobre Dal'Art 92 Entrevista con Andre Magnin Los viejos tiempos: este es mi melodrama Antonio del Castillo Jorge Ortega Entrevista con Jorge Ortega Rafael Hierro o De este paraiso II Proyecto de Gabriel Ortuño  tNotas Biograficas tEdicion Inglesa tProyecto de Jacinto Minot 2Tesauro de Arte & ArquitecturaaARTE 2Tesauro de Arte & ArquitecturaaEXPOSICIONES  2Tesauro de Arte & ArquitecturaaCULTURA 2Tesauro de Arte & ArquitecturaaAPRECIACION 2Tesauro de Arte & ArquitecturaaTEORIA 2Tesauro de Arte & ArquitecturaaCRITICA 2Tesauro de Arte & ArquitecturaaFOTOGRAFIA  2Tesauro de Arte & ArquitecturaaLITERATURA 2Tesauro de Arte & ArquitecturaaESPAÑA